Central Library OPAC University of Rajshahi

Sugar industry management : (Record no. 59385)

MARC details
000 -LEADER
fixed length control field 00855nam a2200229 a 4500
001 - CONTROL NUMBER
control field 59385
003 - CONTROL NUMBER IDENTIFIER
rucl marc code BD-RjUL
005 - DATE AND TIME OF LATEST TRANSACTION
control field 20211209080725.0
008 - FIXED-LENGTH DATA ELEMENTS--GENERAL INFORMATION
fixed length control field 161224s1994 ii ||||| |||| 001 0 eng d
020 ## - INTERNATIONAL STANDARD BOOK NUMBER
International Standard Book Number 8171006178
035 ## - SYSTEM CONTROL NUMBER
System control number (BD-RjUL)59509
040 ## - CATALOGING SOURCE
Original cataloging agency BD-RjUL
Language of cataloging eng
Transcribing agency BD-RjUL
Modifying agency BD-RjUL
041 ## - LANGUAGE CODE
Language code of text/sound track or separate title eng
082 ## - DEWEY DECIMAL CLASSIFICATION NUMBER
Edition number 23
Classification number 338.17360954
Author mark and year KUS 1994
100 ## - MAIN ENTRY--PERSONAL NAME
Personal name Kumar, Chittaranjan
9 (RLIN) 176620
245 ## - TITLE STATEMENT
Title Sugar industry management :
Remainder of title financial, production, marketing and industrial relations, the role and working of state sugar corporation /
Statement of responsibility, etc. Chittaranjan Kumar.
260 ## - PUBLICATION, DISTRIBUTION, ETC. (IMPRINT)
Place of publication, distribution, etc. New Delhi :
Name of publisher, distributor, etc. Deep & Deep Publications,
Date of publication, distribution, etc. ©1994
300 ## - PHYSICAL DESCRIPTION
Pagination viii, 159 p. ;
Size 22 cm.
504 ## - BIBLIOGRAPHY, ETC. NOTE
Bibliography, etc Includes index and bibliography
650 ## - SUBJECT ADDED ENTRY--TOPICAL TERM
Topical term or geographic name as entry element Sugar trade -- India
Form subdivision Zuckerindustrie -- Ernährungsberufe
Geographic subdivision Bihar State Sugar Corporation.
9 (RLIN) 176621
942 ## - ADDED ENTRY ELEMENTS (KOHA)
Source of classification or shelving scheme Dewey Decimal Classification
Koha item type Books
Holdings
Lost status Source of classification or shelving scheme Damaged status Not for loan Collection code Permanent Location Current Location Shelving location Date acquired Source of acquisition Cost, normal purchase price Total Checkouts Full call number Date last seen Copy number Koha item type
  Dewey Decimal Classification   Not For Loan Non-fiction Central Library, University of Rajshahi Central Library, University of Rajshahi Reading Room 10/06/1999 Dhaka, Ankur Prakashani 153.00   338.17360954 KUS 1994 24/12/2016 C-1 Books